| 000 | 00847nam a22002537a 4500 | ||
|---|---|---|---|
| 005 | 20240320111830.0 | ||
| 010 | _aENG-139509 | ||
| 020 |
_a9789354421044 _c125.00 |
||
| 035 | _aEN-123041 | ||
| 037 | _bDBAD/PUB | ||
| 082 |
_a880 _21 |
||
| 245 |
_aAspirations: _bEnglish for Careers/ _cEdited By Ashok Chaskar...[et.al] |
||
| 250 | _a1 | ||
| 260 |
_aHyderabad _bOrient Blackswan Private Ltd _c2021 |
||
| 270 |
_a3-6-752, Himayatnagar _bHyderabad _e500029 _minfo@orintblackswan.com |
||
| 300 |
_a181p. _c21cm(pbk) |
||
| 700 |
_aChaskar, Ashok _eEditor _963608 |
||
| 700 |
_aJagadale, Umesh _eEditor _963609 |
||
| 700 |
_aBernabas, Simon _eEditor _963610 |
||
| 700 |
_aChatterjee, Chandrani _eEditor _963611 |
||
| 700 |
_aNare Veena _eEditor _963612 |
||
| 700 |
_aRaskar, Vikas _eEditor _963613 |
||
| 942 |
_2ddc _h480 _cEN _mASP _e1 |
||
| 999 |
_c201617 _d201617 |
||